000 00739nam a2200217 a 4500
005 20250524063831.0
008 031110s2001 mx r 000 0 spa d
035 _aUPN01000130836
049 _aCG
050 4 _aLB2331.6
_bE5.3
100 1 _aEl-Khawas, Elaine
245 1 0 _aAccreditation in the USA :
_borigins, developments and future prospets /
_cElaine El-Khawas.
260 _aParis :
_bUNESCO, International Institute for Educational Planning,
_c2001.
300 _a196 p.
440 0 _aNew trends in higher education
650 4 _aACREDITACION (EDUCACION)
650 4 _aCalidad de la educación
_94684
650 7 _aEducación superior
_zEstados Unidos
_2
_915203
650 2 _aIntercambios educativos
_910953
905 _aLibro
999 _c102993
_d102993